La diakonía Samaritana : Una opción por la vida
Zapisane w:
| 1. autor: | |
|---|---|
| Korporacja: | |
| Format: | Książka |
| Język: | Spanish |
| Wydane: |
San José, Costa Rica
DEI
1987
|
| Hasła przedmiotowe: | |
| Etykiety: |
Dodaj etykietę
Nie ma etykietki, Dołącz pierwszą etykiete!
|
MARC
| LEADER | 00000nam a22000007a 4500 | ||
|---|---|---|---|
| 003 | cru CIDCACS/IIS | ||
| 005 | 20180915062530.0 | ||
| 008 | 180913b ||||| |||| 00| 0 spa d | ||
| 999 | |c 41678 |d 41678 | ||
| 040 | |c cru CIDCACS/IIS | ||
| 090 | |a REV0750 (10) 1987 | ||
| 100 | 1 | |a Araya Guillén, Victorio |9 7694 | |
| 110 | 2 | |9 7636 |a Departamento Ecuménico de Investigaciones (DEI) | |
| 245 | 1 | 3 | |a La diakonía Samaritana : |b Una opción por la vida |c Victorio Araya |
| 260 | |a San José, Costa Rica |b DEI |c 1987 | ||
| 300 | |a 1-5 páginas | ||
| 650 | 1 | 0 | |a TEOLOGIA |9 4606 |
| 650 | 1 | 7 | |2 Macrotesauro OCDE |9 1862 |a CRISTIANISMO |
| 650 | 1 | 7 | |2 Macrotesauro OCDE |9 284 |a POBREZA |
| 651 | 1 | 0 | |9 17 |a AMERICA LATINA |
| 773 | 0 | |0 41641 |9 2247 |a Departamento Ecuménico de Investigaciones (DEI) |d San José, Costa Rica Departamento Ecuménico de Investigaciones (DEI) |o 20034 |t Pasos / | |
| 942 | |2 ddc |c PP | ||
